000 00310nam a2200121Ia 4500
008 240731s9999 xx 000 0 und d
022 _a2044-0251
245 0 _aJournal for the Study of Spirituality
260 _bRoutledge
856 _uhttps://www.tandfonline.com/loi/yjss20
942 _2ddc
942 _cTFEJ
999 _c77395
_d77395
945 _a1
_bMadushi Gamage
_c1
_dMadushi Gamage